| 000 | 01923cam a2200289 4500500 | ||
|---|---|---|---|
| 005 | 20251228073556.0 | ||
| 041 | _afre | ||
| 042 | _adc | ||
| 100 | 1 | 0 |
_aKaltenbeck, Franz _eauthor |
| 245 | 0 | 0 | _aWalter Benjamin sur le haschisch |
| 260 | _c2015. | ||
| 500 | _a75 | ||
| 520 | _aAucun escapisme n’a motivé Walter Benjamin à prendre du haschisch. Il n’appréciait pas non plus le cannabis pour ses effets antidépresseurs. En lui procurant du bonheur, le haschisch était plutôt son « fil d’Ariane » grâce auquel il pouvait explorer le labyrinthe de la réalité inaccessible au sujet sobre. Aussi compare-t-il l’ivresse produite par le haschisch à la prose dont l’écriture permettrait de dévider ce fil pour se retrouver dans le labyrinthe permettant de régresser vers l’enfance. | ||
| 520 | _aWalter Benjamin and cannabisWalter Benjamin didn’t use cannabis to escape from reality but rather to explore it. It had for him the function of Ariadne’s thread. The happiness procured by this drogue allowed him to explore the labyrinth of reality into which no sober subject would get access. Getting high from cannabis was for him a creative process comparable to the writing of prose when the writer unwinds this thread to orient himself in the labyrinth regressing so doing to childhood. | ||
| 690 | _adesserrage du moi | ||
| 690 | _aeffets et fonction du haschisch | ||
| 690 | _aessence et matérialité des choses | ||
| 690 | _ailluminations profanes | ||
| 690 | _aWalter Benjamin | ||
| 690 | _aeffects and function of cannabis | ||
| 690 | _aessence and materiality of things | ||
| 690 | _aprofane illuminations | ||
| 690 | _aunlocking of the self | ||
| 690 | _aWalter Benjamin | ||
| 786 | 0 | _nSavoirs et clinique | 20 | 1 | 2015-12-29 | p. 90-95 | 1634-3298 | |
| 856 | 4 | 1 | _uhttps://shs.cairn.info/revue-savoirs-et-cliniques-2016-1-page-90?lang=fr&redirect-ssocas=7080 |
| 999 |
_c1595482 _d1595482 |
||